000 00449nam a2200145Ia 4500
003 OSt
005 20260120173056.0
008 211028s2014 xx 000 0 und d
040 _cAIMIT LIBRARY
041 _aeng
100 _aSheikh, Samhan; Koth,Fr Kiran.
_g1216113
_97225
245 _aStudy on consumers attitude towards product supplied by Yenepoya food and beverages limited /
260 _aMangalore
_bFr Kiran Koth
_c2014
942 _2ddc
_cPRO
999 _c218795
_d218795